000
00322nam a2200145Ia 4500
100
_a
Bhabre Santosh
650
_a
General
942
_c
RB
654
_a
Vyavasahik Screen Printing
245
_a
Vyavasahik Screen Printing
260
_b
Adorn Pub.
_a
Thane
_c
1988
082
_a
686.2
300
_a
184
546
_a
ENGLISH
999
_c
25772
_d
25772